[Event "Montigny le Bretonneux op"]
[Site "Montigny le Bretonneux"]
[Date "2004.05.23"]
[Round "8"]
[White "Kermadec, Alexandre"]
[Black "Gahagnon, Jacques"]
[Result "0-1"]
[WhiteElo "1350"]
[BlackElo "1690"]
[PlyCount "66"]
[EventDate "2004.05.20"]
[EventType "swiss"]
[EventRounds "9"]
[EventCountry "FRA"]
[SourceTitle "EXT 2007"]
[Source "ChessBase"]
[SourceDate "2006.11.23"]
[SourceVersion "1"]
[SourceVersionDate "2006.11.23"]
[SourceQuality "1"]

1. d4 Nf6 2. c4 c5 3. Nf3 g6 4. Nc3 Bg7 5. e3 0-0 6. g3 d6 7. Bg2 Nc6 8. 0-0 Rb8 9. Bd2 a6 10. dxc5 dxc5 11. Qc2 Re8 12. e4 e5 13. Rfd1 Bg4 14. Bh6 Nd4 15. Qd3 Bxh6 16. h3 Nxf3+ 17. Bxf3 Qxd3 18. Rxd3 Bxf3 19. Rxf3 Bg7 20. Nd5 Nxe4 21. Re3 Nf6 22. Nxf6+ Bxf6 23. Re4 Red8 24. Rae1 Rd4 25. f4 Rxe4 26. Rxe4 exf4 27. gxf4 Bd4+ 28. Kf1 Bxb2 29. Re2 Bd4 30. Rg2 b5 31. f5 bxc4 32. h4 Rb1+ 33. Ke2 Rb2+ 0-1